00396 a2200157 4500003000400000005001700004008004100021020001800062040000900080082002000089100001600109245004700125250001200172260004400184300001000228OSt20240208101636.0240208b |||||||| |||| 00| 0 eng d a9789381788806 coclc a894.8125bGOP/M aGopal, O. V aMAHANMARUDE KUMBHASARANGAL /c O. V Gopal a1st ed. aKozhikode:bPappiyon Pablishers,c2013. a194P.